Ayub Khan, Pakistan's first military ruler / (Record no. 592087)

000 -LEADER
fixed length control field 01169cam a2200337 a 4500
001 - CONTROL NUMBER
control field 3957400
003 - CONTROL NUMBER IDENTIFIER
control field NUST
005 - DATE AND TIME OF LATEST TRANSACTION
control field 20221028155515.0
008 - FIXED-LENGTH DATA ELEMENTS--GENERAL INFORMATION
fixed length control field 940526s1993 pk a 001 0beng
010 ## - LIBRARY OF CONGRESS CONTROL NUMBER
LC control number 93930650
020 ## - INTERNATIONAL STANDARD BOOK NUMBER
International Standard Book Number 9693502957 :
Terms of availability Rs600.00
025 ## - OVERSEAS ACQUISITION NUMBER
Overseas acquisition number P-E-025584 13/11-48
040 ## - CATALOGING SOURCE
Original cataloging agency DLC
Transcribing agency DLC
Modifying agency DLC
042 ## - AUTHENTICATION CODE
Authentication code lcode
043 ## - GEOGRAPHIC AREA CODE
Geographic area code a-pk---
050 00 - LIBRARY OF CONGRESS CALL NUMBER
Classification number DS385.A9
Item number G38 1993
082 00 - DEWEY DECIMAL CLASSIFICATION NUMBER
Classification number 954.9046092
Author Mark GAU
100 1# - MAIN ENTRY--PERSONAL NAME
Personal name Gauhar, Altaf,
Dates associated with a name 1923-
9 (RLIN) 101673
245 10 - TITLE STATEMENT
Title Ayub Khan, Pakistan's first military ruler /
Statement of responsibility, etc. Altaf Gauhar.
250 ## - EDITION STATEMENT
Edition statement 1st ed.
260 ## - PUBLICATION, DISTRIBUTION, ETC.
Place of publication, distribution, etc. Lahore :
Name of publisher, distributor, etc. Sang-e-Meel Publications,
Date of publication, distribution, etc. 1993.
300 ## - PHYSICAL DESCRIPTION
Extent 540 p. :
Other physical details ill. ;
Dimensions 22 cm.
500 ## - GENERAL NOTE
General note On the political career of Mohammad Ayub Khan, 1907-1974, former president of Pakistan.
600 20 - SUBJECT ADDED ENTRY--PERSONAL NAME
Personal name Ayub Khan, Mohammad,
Dates associated with a name 1907-1974.
9 (RLIN) 101674
650 #0 - SUBJECT ADDED ENTRY--TOPICAL TERM
Topical term or geographic name entry element Presidents
Geographic subdivision Pakistan
General subdivision Biography.
9 (RLIN) 101675
651 #0 - SUBJECT ADDED ENTRY--GEOGRAPHIC NAME
Geographic name Pakistan
General subdivision Politics and government.
651 #0 - SUBJECT ADDED ENTRY--GEOGRAPHIC NAME
Geographic name Pakistan
General subdivision Politics and government
Chronological subdivision 1947-1971.
9 (RLIN) 5189
906 ## - LOCAL DATA ELEMENT F, LDF (RLIN)
a 7
b cbc
c origode
d 3
e ncip
f 19
g y-gencatlg
942 ## - ADDED ENTRY ELEMENTS (KOHA)
Source of classification or shelving scheme
Koha item type Book
Holdings
Withdrawn status Lost status Source of classification or shelving scheme Damaged status Not for loan Permanent Location Current Location Shelving location Date acquired Total Checkouts Total Renewals Full call number Barcode Date last seen Date last checked out Price effective from Koha item type
          Central Library (CL) Central Library (CL) History 10/28/2022 2 2 954.9046092 GAU CL3492 09/24/2023 09/21/2023 10/28/2022 Book
© 2023 Central Library, National University of Sciences and Technology. All Rights Reserved.